Nejmenší státy světa - podle rozlohy - Statistics

General Stats
  • This quiz has been taken 487 times
  • The average score is 18 of 33
Answer Stats
km² Název státu % Correct
0,44 Vatikán
98%
61,2 San Marino
87%
2,09 Monako
86%
468 Andorra
81%
160 Lichtenštejnsko
81%
2 586 Lucembursko
77%
316 Malta
64%
620 Svatá Lucie
60%
21 Nauru
53%
1 001 Svatý Tomáš a Princův ostrov
52%
455 Seychely
51%
261 Svatý Kryštof a Nevis
51%
4 033 Kapverdy
50%
5 128 Trinidad a Tobago
50%
26 Tuvalu
50%
9 250 Kypr
49%
458 Palau
49%
692 Singapur
48%
380 Svatý Vincenc a Grenadiny
47%
430 Barbados
46%
298 Maledivy
46%
442 Antigua a Barbuda
45%
2 170 Komory
45%
2 860 Samoa
45%
748 Tonga
45%
754 Dominika
44%
1 860 Mauricius
44%
5 770 Brunej
43%
340 Grenada
43%
717 Kiribati
42%
665 Bahrajn
41%
181 Marshallovy ostrovy
38%
702 Mikronésie
35%
No matching quizzes found
Score Distribution
Percent of People with Each Score
Percentile by Number Answered
Your Score History
You have not taken this quiz